00506 2200193 4500001002100000005001500021008004100036020001800077035001900095041000700114082001000121090001600131100002200147245004700169260003100216300002800247500001100275650002600286INLIS00000000002954820241224132755241224||||||||| | ||| |||| || |  a979-543-462-4 0010-1224029548 aid0 a610.7 a610.7 SIT t0 aRonald H. Sitorus00aTiga Jenis Penyakit Pembunuh Utama Manusia aBandungbYrama Widyac2006 a18,5x11,5 cm, 192 hlm.; aCet. 1 0akesehatan -- Penyakit